00739nam a2200241 a 4500001001300000003000900013005001700022008004100039020002300080082002100103100001900124245003700143260004700180300000900227500003500236505001800271650003500289700001900324902000800343942000700351952012200358999001700480nice12345678IN_TiNIC20260116014502.0070518s2005 newa grp 000 0 eng  a817649867X c49500a320.5509196bABU aAbuza, Zachary aMilitant Islam in Southeast Asia aNew Delhi bViva Books, 3rd Edition c2005 a281p aincludes index and biblioraphy2 abiblio, index aReligious Fundamentalism-Islam1 aAbuza, Zachary bSRS cBK 001040708StackRoom-aHMIbHMId2007-05-18g495.00l0o320.5509196 ABUp022041r2007-05-18v495.00w2007-05-18yBK c15568d15568